000 00415nam a2200157 i 4500
001 35188
003 ES-MaACL
005 20230906155055.0
007 t|
008 030212s1972 sp ||||1| spa d
100 1 _aBorrego, Juan.
_930572
245 1 0 _aLuz y vida /
_cJuan Borrego.
260 _aSalamanca :
_bSecretariado Trinitario,
_c1972.
300 _a198 p. ;
_c18 cm.
852 _aES-MaACL
_jC-48188
_bR.82021
999 _c35188
_d35188